Ordenanza de aduanas: anotada, comentada y concordada. Incluye Reforma Procesal Penal, Ley Nº 19.806, D.O.31.05.2002

Saved in:
Bibliografiske detaljer
Main Authors: Elizalde Aldunate, Ramón (Author), Prado Casas, Benjamín (Author)
Format: Bog
Sprog:spansk
Udgivet: Santiago LexisNexis 2002
Udgivelse:2a. ed
Fag:
Tags: Tilføj Tag
Ingen Tags, Vær først til at tagge denne postø!

MARC

LEADER 00000nam a2200000 a 4500
001 UCK5216
003 CL-VaPUC
008 050715e20020000CL |||||||||||||||||spa|d
020 |a 9562380823 
082 0 4 |a 343.83056  |b ELI  |2 21 
100 0 |a Elizalde Aldunate, Ramón  |e author  |9 493938 
700 0 |a Prado Casas, Benjamín  |e author  |9 493939 
245 1 0 |a Ordenanza de aduanas: anotada, comentada y concordada. Incluye Reforma Procesal Penal, Ley Nº 19.806, D.O.31.05.2002 
250 |a 2a. ed 
300 |a 311 p 
942 |c BK 
945 |d 20050715 00:00:00  |a cmena 
260 |a Santiago  |b LexisNexis  |c 2002 
650 0 |a Aduanas  |9 255492 
650 0 |a Arancel aduanero  |9 383785 
650 0 |a Derecho tributario  |9 258895 
650 0 |a Franquicias tributarias   |9 384092 
650 0 |a Derecho aduanero  |9 324531 
650 7 |a EXPORTACIONES  |2 CL-VaPUC  |9 255382 
650 7 |a IMPORTACIONES  |2 CL-VaPUC  |9 359079 
650 0 |a Jurisprudencia  |9 255952 
650 7 |a COMERCIO INTERNACIONAL  |2 CL-VaPUC  |9 493940 
651 7 |a CHILE  |2 CL-VaPUC  |9 493941 
583 |a last modification  |c 20150327 11:51:27  |k Rodrigo Vera 
999 |c 313848  |d 313846 
952 |0 0  |1 0  |4 0  |6 343_830560000000000_ELI_2002  |7 0  |8 A  |9 385558  |a BIBDER  |b BIBDER  |d 2019-11-22  |i 4147359  |o 343.83056 ELI 2002  |p 4147359  |r 2023-01-25  |w 2019-11-22  |y BK  |k DER